000 00537nam a22001817a 4500
005 20251108175020.0
008 250721s2012 xx 000 0 ara d
082 1 4 _aم/210.03/قعد
100 1 _aقعدان، زيدان عبد الفتاح
_eمؤلف
245 1 0 _aالمعجم الإسلامي /
264 1 _aعمان :
_bدار أسامة للنشر والتوزيع،
_c2012.
300 _a
650 1 7 _aالإسلام
650 1 7 _aالقواميس
650 1 7 _aالفهارس
942 _2ddc
_cREF
999 _c123982
_d123982